Quản trị cơ sở dữ liệu với Microsoft Access 97 Phần nâng cao

保存先:
書誌詳細
第一著者: Ông, Văn Thông (Tác giả)
フォーマット: 図書
言語:Vietnamese
出版事項: TP. Hồ Chí Minh Thống Kê 1998
シリーズ:Tin học cho mọi người
主題:
タグ: タグ追加
タグなし, このレコードへの初めてのタグを付けませんか!
Thư viện lưu trữ: Mạng thư viện Đại học Đà Nẵng
LEADER 01239nam a22003618a 4500
001 000012935
003 9260
005 20120305100312.0
008 120305s1998 b 000 0 vieod
020 |c 0đ  |d 1000b 
041 0 |a vie 
080 |a 6T7.3-018.2 
082 |a 005.74071  |b ÔN-T 
084 |a F973.202  |b H250B 
100 0 |a Ông, Văn Thông  |e Tác giả 
245 1 0 |a Quản trị cơ sở dữ liệu với Microsoft Access 97  |b Phần nâng cao  |c Ông, Văn Thông 
260 |a TP. Hồ Chí Minh  |b Thống Kê  |c 1998 
300 |a 556tr  |b hình vẽ  |c 27cm 
490 |a Tin học cho mọi người 
653 |a cơ sở dữ liệu 
653 |a Access 97  |a phần nâng cao 
700 1 |a Ông, Văn Thông  |e Tác giả 
910 |a Nguyễn, Thị Lê Na 
OWN |a LSP 
AVA |a UDN50  |b LSP  |d 005.74071 ÔN-T  |e available  |t Error 5001 Not defined in file expand_doc_bib_avail.  |f 3  |g 0  |h N  |i 0  |k 1 
999 |a From the UDN01 
AVA |a UDN50  |b LSP  |d 005.74071 ÔN-T  |e available  |t Error 5001 Not defined in file expand_doc_bib_avail.  |f 3  |g 0  |h N  |i 0  |k 1 
TYP |a Monograph 
TYP |a Printed language 
980 |a Mạng thư viện Đại học Đà Nẵng